<?xml version="1.0" encoding="UTF-8"?>
<record
    xmlns:xsi="http://www.w3.org/2001/XMLSchema-instance"
    xsi:schemaLocation="http://www.loc.gov/MARC21/slim http://www.loc.gov/standards/marcxml/schema/MARC21slim.xsd"
    xmlns="http://www.loc.gov/MARC21/slim">

  <leader>00782nam a22001937a 4500</leader>
  <controlfield tag="003">0</controlfield>
  <controlfield tag="005">20250213113610.0</controlfield>
  <controlfield tag="008">250213b        xxu||||| |||| 00| 0 eng d</controlfield>
  <datafield tag="050" ind1=" " ind2=" ">
    <subfield code="a">HF 5548.2</subfield>
    <subfield code="b">.Se48 2024</subfield>
  </datafield>
  <datafield tag="100" ind1=" " ind2=" ">
    <subfield code="a">Sevilla, Vince Patrick L. </subfield>
  </datafield>
  <datafield tag="245" ind1=" " ind2=" ">
    <subfield code="a">Implementation of a business management system for JL  Sevilla marketing. </subfield>
    <subfield code="c">Vince Patrick L. Sevilla </subfield>
  </datafield>
  <datafield tag="260" ind1=" " ind2=" ">
    <subfield code="a">Las Pinas City</subfield>
    <subfield code="b">Southville International School and Colleges</subfield>
    <subfield code="c">2024</subfield>
  </datafield>
  <datafield tag="300" ind1=" " ind2=" ">
    <subfield code="a">x, 135 pages;</subfield>
    <subfield code="c">28cm.</subfield>
  </datafield>
  <datafield tag="500" ind1=" " ind2=" ">
    <subfield code="a">Bachelor of Science in Information Technology. </subfield>
  </datafield>
  <datafield tag="504" ind1=" " ind2=" ">
    <subfield code="a">Includes bibliographical references and appendices.</subfield>
  </datafield>
  <datafield tag="650" ind1=" " ind2=" ">
    <subfield code="a">Business Management Systems&#x2014;Implementation &amp; Development.</subfield>
  </datafield>
  <datafield tag="650" ind1=" " ind2=" ">
    <subfield code="a">Enterprise Resource P.lanning (ERP)&#x2014;Marketing Applications.</subfield>
  </datafield>
  <datafield tag="942" ind1=" " ind2=" ">
    <subfield code="2">lcc</subfield>
    <subfield code="c">TH</subfield>
  </datafield>
  <datafield tag="999" ind1=" " ind2=" ">
    <subfield code="c">367198</subfield>
    <subfield code="d">367198</subfield>
  </datafield>
  <datafield tag="952" ind1=" " ind2=" ">
    <subfield code="0">0</subfield>
    <subfield code="1">0</subfield>
    <subfield code="2">lcc</subfield>
    <subfield code="4">0</subfield>
    <subfield code="a">CL</subfield>
    <subfield code="b">CL</subfield>
    <subfield code="c">THESES</subfield>
    <subfield code="d">2025-02-13</subfield>
    <subfield code="e">DONATION</subfield>
    <subfield code="k">THESES</subfield>
    <subfield code="l">0</subfield>
    <subfield code="o">HF 5548.2 .Se48 2024</subfield>
    <subfield code="p">T1394</subfield>
    <subfield code="r">2025-02-13 00:00:00</subfield>
    <subfield code="w">2025-02-13</subfield>
    <subfield code="y">TH</subfield>
  </datafield>
</record>
